Hisory of Mauritius: experiments in democracy (Record no. 493569)

000 -LEADER
fixed length control field 00376cam a22001337a 4500
008 - FIXED-LENGTH DATA ELEMENTS--GENERAL INFORMATION
fixed length control field 180718b2002 xxu||||| |||| 00| 0 eng d
020 ## - INTERNATIONAL STANDARD BOOK NUMBER
International Standard Book Number 9990397007
082 ## - DEWEY DECIMAL CLASSIFICATION NUMBER
Classification number A6x 455D885
100 ## - MAIN ENTRY--PERSONAL NAME
Personal name Dukhira, Chit
245 ## - TITLE STATEMENT
Title Hisory of Mauritius: experiments in democracy
Statement of responsibility, etc. by Chit Dukhira
260 ## - PUBLICATION, DISTRIBUTION, ETC.
Place of publication, distribution, etc. Mauritius
Name of publisher, distributor, etc. The Author
Date of publication, distribution, etc. 2002
300 ## - PHYSICAL DESCRIPTION
Extent 311p.
650 ## - SUBJECT ADDED ENTRY--TOPICAL TERM
Topical term or geographic name entry element Mauritius --History.
Holdings
Withdrawn status Lost status Damaged status Not for loan Permanent Location Current Location Date acquired Full call number Barcode Date last seen Price effective from Koha item type
        Indian Institute of Public Administration Indian Institute of Public Administration 2018-08-04 A6x 455D885 GR17987 2018-08-04 2018-08-04 GR

Powered by Koha